[Event "SRB-Cup"]
[Site "Valjevo"]
[Date "2011.05.19"]
[Round "4.3"]
[White "Gosic, Bogdan"]
[Black "Cica, Dragan"]
[Result "1/2-1/2"]
[WhiteElo "2306"]
[BlackElo "1954"]
[PlyCount "52"]
[EventDate "2011.05.16"]
[EventType "team-swiss"]
[EventRounds "7"]
[EventCountry "YUG"]
[SourceTitle "CBM 142 Extra"]
[Source "ChessBase"]
[SourceDate "2011.06.27"]
[SourceVersion "1"]
[SourceVersionDate "2011.06.27"]
[SourceQuality "1"]
[WhiteTeam "Valjevo 2005"]
[BlackTeam "Sivac"]
[WhiteTeamCountry "SRB"]
[BlackTeamCountry "SRB"]

1. e4 c5 2. Nf3 d6 3. d4 cxd4 4. Nxd4 Nf6 5. Nc3 a6 6. Be2 e6 7. a4 Be7 8. 0-0 0-0 9. f4 Qc7 10. Kh1 Nc6 11. Nb3 b6 12. Bf3 Bb7 13. Be3 Rfe8 14. Qe1 Bf8 15. Qg3 g6 16. Rae1 Bg7 17. Qh4 Rad8 18. Nc1 d5 19. e5 Nd7 20. N1e2 Nc5 21. Rd1 Ne7 22. Nd4 Ne4 23. Rd3 Nc5 24. Rdd1 Ne4 25. Rd3 Nc5 26. Rdd1 Ne4 1/2-1/2

[Event "SRB-Cup"]
[Site "Valjevo"]
[Date "2011.05.18"]
[Round "3.3"]
[White "Cica, Dragan"]
[Black "Marinovic, Bozidar"]
[Result "0-1"]
[WhiteElo "1954"]
[BlackElo "2404"]
[PlyCount "80"]
[EventDate "2011.05.16"]
[EventType "team-swiss"]
[EventRounds "7"]
[EventCountry "YUG"]
[SourceTitle "CBM 142 Extra"]
[Source "ChessBase"]
[SourceDate "2011.06.27"]
[SourceVersion "1"]
[SourceVersionDate "2011.06.27"]
[SourceQuality "1"]
[WhiteTeam "Sivac"]
[BlackTeam "Jugovic Kac"]
[WhiteTeamCountry "SRB"]
[BlackTeamCountry "SRB"]

1. e4 c5 2. Nf3 d6 3. d4 cxd4 4. Nxd4 Nf6 5. Nc3 a6 6. Be3 e5 7. Nb3 Be6 8. Be2 Nbd7 9. 0-0 Be7 10. Kh1 0-0 11. f4 exf4 12. Bxf4 Ne5 13. Nd4 Rc8 14. Bxe5 dxe5 15. Nf5 Bxf5 16. Rxf5 Qc7 17. Bd3 Bb4 18. Rxf6 Bxc3 19. Qg4 Bxb2 20. Raf1 Ba3 21. R6f3 Bb4 22. Qh5 Qe7 23. Rh3 h6 24. Qg4 Rc6 25. Rf5 Bd2 26. Qe2 Bf4 27. g3 Bg5 28. Bc4 g6 29. Rf1 Kg7 30. Bd5 Rc3 31. Rf3 Rxf3 32. Qxf3 Rc8 33. Qf2 Rc3 34. Kg2 Be3 35. Qe2 Qc5 36. Bb3 Qd4 37. Qf3 Bf4 38. Qe2 Re3 39. Qf2 Qxe4+ 40. Kg1 Re1+ 0-1